NLSUI OPAC header image

Transfer of property act with a commentary critical and explanatory (Record no. 7741)

MARC details
000 -LEADER
fixed length control field 00456nam a2200157Ia 4500
008 - FIXED-LENGTH DATA ELEMENTS--GENERAL INFORMATION
fixed length control field 160316s1993 xxu||||| |||| 00| 0 eng d
082 ## - DEWEY DECIMAL CLASSIFICATION NUMBER
Classification number 346.043600
Item number SHU
100 ## - MAIN ENTRY--PERSONAL NAME
Personal name Shukla S N
245 ## - TITLE STATEMENT
Title Transfer of property act with a commentary critical and explanatory
250 ## - EDITION STATEMENT
Edition statement 20th rev
260 ## - PUBLICATION, DISTRIBUTION, ETC.
Place of publication, distribution, etc. Allahabad
Name of publisher, distributor, etc. Allahabad Law Agency
Date of publication, distribution, etc. 1993
300 ## - PHYSICAL DESCRIPTION
Extent 344p
Other physical details
Dimensions
365 ## - TRADE PRICE
Price amount Rs.80/-
650 ## - SUBJECT ADDED ENTRY--TOPICAL TERM
Topical term or geographic name entry element 1.Property Law - Transfer of Property Act
700 ## - ADDED ENTRY--PERSONAL NAME
Personal name
--
Holdings
Withdrawn status Lost status Damaged status Not for loan Home library Current library Shelving location Date acquired Cost, normal purchase price Total Checkouts Full call number Barcode Date last seen Price effective from Koha item type
        . .   30.05.2017 80.00   346.0436 SHU 7972 30.05.2017 30.05.2017 BOOKs